Eine Politik des Friedens, der Verstandigung, der Zusammenarbeit (Запис номер 474674)
[ съкратено ]
| 000 -Лидер | |
|---|---|
| Контролно поле с фиксирана дължина | 01236nam a2200277 a 4500 |
| 003 - Код на организацията, давaща контролен номер | |
| Контролно поле | BLK |
| 005 - Дата и час на последна редакция | |
| Контролно поле | 20250128005509.0 |
| 008 - Елементи от данни с фиксирана дължина | |
| fixed length control field | 180411b bul|||||r ||||||| ||bul|| |
| 040 ## - Източник на каталожния запис | |
| Идентификатор на билиотеката - собственик на записа | BLK |
| 041 ## - Код за език | |
| Код за езика на текст/звукозапис или на отделно заглавие | Немски |
| Код за езика КДБФ | Немски |
| 080 ## - УДК | |
| Текстов определител УДК | Международни политически отношения. Световна политика. Международна политика. Дипломация |
| УДК код - определител по УДК | 327 |
| УДК определител | (497.2) |
| УДК - код + определител | 327(497.2) |
| 100 ## - Редна дума - Автор | |
| Автор | Georgiev, Ljuben |
| Авторска отговорност | първи автор |
| R(LIN) | 417836 |
| 139 ## - Редно поле | |
| Редна дума | Georgiev, Ljuben |
| 245 ## - Сведения за заглавието | |
| Заглавие | Eine Politik des Friedens, der Verstandigung, der Zusammenarbeit |
| Подзаглавни данни | [Очерк] |
| Редно поле (дума) | Ljuben Georgiev ; прев. от бълг. |
| 257 ## - Страна на издаване | |
| Страна на създаване/издаване | България |
| 260 ## - Област на издателските данни | |
| Място на издаване, разпространение и проч. | Sofia |
| Име на издателя, разпространителя и проч. | Sofia-Press |
| Година на издаване | 1974 |
| 9 (RLIN) | 217007 |
| 300 ## - Физическа характеристика | |
| Страници | 40 с. |
| Илюстрации и др. | с ил. |
| Размери/Мащаб | 20 см |
| 380 ## - Жанр | |
| Жанр | Обществени науки |
| 490 ## - СЕРИИ (Колекции) | |
| 9 (RLIN) | 479637 |
| Име на серия | 30 Jahre seit der sozialistischen Revolution in Bulgarien |
| 500 ## - Общи забележки | |
| Забележка | Прев. е направен от ръкоп. - Външната политика на България. |
| 650 #7 - Допълнително описание по предмет – тема | |
| Основно описание – тема или топоним | България - външна политика |
| Източник на редна или ключова дума | |
| 9 (RLIN) | 149489 |
| 700 ## - Други автори (авторска отговорност) | |
| Лично име | Георгиев, Любен |
| 9 (RLIN) | 469291 |
| 852 ## - Местоположение | |
| Форматна сигнатура | Цб 72292 |
| Фондова буква | Хранилище |
| 999 ## - СИСТЕМНИ КОНТРОЛНИ НОМЕРА | |
| Koha biblionumber | 474674 |
| Koha biblioitemnumber | 474674 |
| 942 ## - АРТИКУЛИ | |
| Вид на библиотечния материал | Книги |
| Скрит в OPAC | Не |
| Периодичен библиозапис | Да |
| 944 ## - СЪЗДАВАНЕ И РЕДАКЦИЯ на ЗАПИСА | |
| Създаване/Редакция | Създаване |
| Дата на регистрацията/редакция | 2022-09-30 |
| Служител, извършил регистрацията/редакцията | |
| Статус, дата на статуса | CRON CRON |
| Код за отписване | Код за изгубен артикул | Източник на класификационната схема | Код за повреда | Коз за рестрикции | Код за отдаване | Артикулен № | Име на библиотеката - собственик | Име на библиотеката, в която се намира в момента | Статус (Текущо местоположение) | Дата на вписване в системата | Местоположение - отдел | Цена в лева | Инвентарен номер | Систематично азбучна сигнатура | Баркод | Цена в евро | Служебен тип на артикула |
|---|---|---|---|---|---|---|---|---|---|---|---|---|---|---|---|---|---|
| Не е изгубен | Universal Decimal Classification | Не е повреден | само за читалня | ползва се в читалня | 906409 | Регионална библиотека "Любен Каравелов" Русе | Регионална библиотека "Любен Каравелов" Русе | Хранилище | 2022-10-04 | Хранилище | 0.20 | 167373 | Цб 72292 | 120000167373 | 0.10 | Книги |